[Event "Cambridge op 2nd"]
[Site "Cambridge"]
[Date "2024.02.24"]
[Round "9"]
[White "Martyn, Rafe"]
[Black "Underwood, Jon"]
[Result "1/2-1/2"]
[WhiteElo "2206"]
[BlackElo "1993"]
[PlyCount "31"]
[EventDate "2024.02.19"]
[EventType "swiss"]
[EventRounds "9"]
[EventCountry "ENG"]
[SourceTitle "CB09_2024"]
[SourceDate "2024.02.28"]
[SourceVersion "1"]
[SourceVersionDate "2024.02.28"]
[SourceQuality "1"]

1. e4 c5 2. Nf3 Nc6 3. d4 cxd4 4. Nxd4 Nf6 5. Nc3 e5 6. Ndb5 d6 7. Bg5 a6 8. Na3 b5 9. Nd5 Be7 10. Bxf6 Bxf6 11. c4 b4 12. Nc2 0-0 13. g3 Bg5 14. Bg2 Rb8 15. 0-0 a5 16. b3 1/2-1/2

[Event "Cambridge op 2nd"]
[Site "Cambridge"]
[Date "2024.02.19"]
[Round "2"]
[White "Underwood, Jon"]
[Black "Prince, Alan R"]
[Result "0-1"]
[WhiteElo "1993"]
[BlackElo "1641"]
[PlyCount "99"]
[EventDate "2024.02.19"]
[EventType "swiss"]
[EventRounds "9"]
[EventCountry "ENG"]
[SourceTitle "CB09_2024"]
[SourceDate "2024.02.28"]
[SourceVersion "1"]
[SourceVersionDate "2024.02.28"]
[SourceQuality "1"]

1. f4 d6 2. Nf3 g6 3. g3 Bg7 4. Bg2 e5 5. fxe5 dxe5 6. d3 Ne7 7. Nc3 c6 8. Be3 Nf5 9. Bf2 Nd7 10. Qd2 Bh6 11. e3 Qb6 12. Nd1 0-0 13. 0-0 Re8 14. g4 Nd4 15. h4 Nxf3+ 16. Bxf3 e4 17. Bg2 f5 18. g5 Bg7 19. d4 Qc7 20. Nc3 Bf8 21. Ne2 Bd6 22. Qe1 Nb6 23. Bg3 Bxg3 24. Nxg3 Be6 25. b3 Rad8 26. Ne2 Nd5 27. Qd2 b5 28. c4 bxc4 29. bxc4 Nb6 30. c5 Nd5 31. Rab1 Rb8 32. a3 Rxb1 33. Rxb1 Rb8 34. Rxb8+ Qxb8 35. Nc3 Nxc3 36. Qxc3 Qg3 37. d5 Bxd5 38. Qf6 Qxe3+ 39. Kh2 Qxc5 40. h5 Qf8 41. Qd4 Qg7 42. Qb4 Qe5+ 43. Kg1 gxh5 44. Qb7 f4 45. Qa8+ Kg7 46. Qxa7+ Bf7 47. Kf2 c5 48. Qb6 e3+ 49. Ke1 Qxg5 50. Be4 0-1

[Event "London CSC 5-Day U2050 op 10th"]
[Site "London"]
[Date "2018.12.10"]
[Round "2"]
[White "Livesey, R Nigel"]
[Black "Underwood, Jon"]
[Result "1/2-1/2"]
[WhiteElo "1775"]
[BlackElo "1949"]
[PlyCount "61"]
[EventDate "2018.12.09"]
[EventType "swiss"]
[EventRounds "5"]
[EventCountry "ENG"]
[SourceTitle "EXT 2020"]
[Source "ChessBase"]
[SourceDate "2019.10.17"]
[SourceVersion "1"]
[SourceVersionDate "2019.10.17"]
[SourceQuality "1"]

1. c4 f5 2. Nf3 Nf6 3. Nc3 d6 4. d3 e5 5. e4 c5 6. g3 Nc6 7. Bg2 Be7 8. Be3 fxe4 9. dxe4 Nd4 10. Qd3 0-0 11. 0-0 Bg4 12. Bxd4 cxd4 13. Nd5 Nxd5 14. exd5 Qd7 15. Nd2 Rf7 16. Ne4 Raf8 17. Rac1 b6 18. b3 Bf3 19. Nd2 Bxg2 20. Kxg2 Bg5 21. Rc2 Bxd2 22. Rxd2 Qg4 23. f3 Qg5 24. Rdf2 a5 25. a4 Rf6 26. f4 exf4 27. Qxd4 fxg3 28. hxg3 Rxf2+ 29. Rxf2 Rxf2+ 30. Qxf2 Qd8 31. Qe3 1/2-1/2